|
|
|
|
| LEADER |
00000nab a2200000uu 4500 |
| 001 |
vtls011448979 |
| 003 |
SK-MaSNL |
| 005 |
20260303111338.0 |
| 008 |
230121|1976 xo |||||||||||||||||cze| |
| 015 |
|
|
|a SNBRB
|
| 035 |
|
|
|a (urnnbn)urn:nbn:sk:snk:ar-0061am
|
| 035 |
|
|
|a (uuid)71cf17f6-1787-4b73-8f5d-c4e0e8c30ff9
|
| 035 |
|
|
|a urn:nbn:sk:snk-abcli2
|
| 040 |
|
|
|a SNKBUCL
|b slo
|c SNKBUCL
|e AACR2
|
| 041 |
0 |
|
|a cze
|
| 044 |
|
|
|a xo
|c SK
|
| 100 |
1 |
|
|a Klimeš, Josef
|4 aut
|9 763729
|
| 245 |
1 |
0 |
|a Zkušenosti z ověřování progresívní soustavy hnojení v JZD Bylany
|c Josef Klimeš, František Grof
|
| 700 |
1 |
|
|a Grof, František
|4 aut
|9 1123875
|
| 773 |
0 |
|
|t Agrochémia : časopis pre chemizáciu poľnohospodárstva
|g Roč. 16, č. 6 (1976), s. 171-172
|
| 954 |
|
|
|a odborná, vedecká literatúra cudzojazyčná (svetová)
|2 lita
|
| 958 |
|
|
|a OND
|
| 958 |
|
|
|a EUIPO
|
| 958 |
|
|
|a article16
|
| 999 |
|
|
|c 1876331
|d 1878261
|